000 00599nam a2200229Ia 4500
003 OSt
005 20221005132410.0
006 a|||||r|||| 00| 0
007 ta
008 221004b |||||||| |||| 00| 0 eng d
024 _a59447
037 _cTextual
040 _aCRL
_cCRL
_beng
041 _2eng
_aeng
082 _aU8:498:N3, G6
100 _aForman Harrison
_9425406
245 0 _aThrough forbidden Tibet
_b An adventure into the unknown.
260 _c1936
650 _aGEOGRAPHY
942 _hU8:498:N3, G6
_cTEXL
_2cc
999 _c1063512
_d1063512